[Event "NOR-chT Elite 2324"]
[Site "Norway"]
[Date "2023.10.28"]
[Round "2.55"]
[White "Hammari, Vinjar"]
[Black "Hammerstad, Asmund"]
[Result "1-0"]
[WhiteElo "1907"]
[BlackElo "2193"]
[PlyCount "113"]
[EventDate "2023.10.27"]
[EventType "team-tourn"]
[EventRounds "9"]
[EventCountry "NOR"]
[SourceTitle "Mega2024 Update 01"]
[Source "Chessbase"]
[SourceDate "2023.11.12"]
[SourceVersion "1"]
[SourceVersionDate "2023.11.12"]
[SourceQuality "1"]
[WhiteTeam "Alta"]
[BlackTeam "Asker"]
[WhiteTeamCountry "NOR"]
[BlackTeamCountry "NOR"]

1. Nf3 f5 2. g3 Nf6 3. Bg2 d6 4. d4 e6 5. 0-0 Be7 6. c4 0-0 7. b3 Ne4 8. Nbd2 Nc6 9. Bb2 Bf6 10. e3 a5 11. Ne1 Nxd2 12. Qxd2 e5 13. Bd5+ Kh8 14. Bxc6 bxc6 15. dxe5 Bxe5 16. Bxe5 dxe5 17. Qxd8 Rxd8 18. Nf3 Re8 19. Rfd1 Kg8 20. Rd2 c5 21. Rad1 Bb7 22. Nh4 g6 23. f4 Bc6 24. Kf2 a4 25. Nf3 exf4 26. gxf4 axb3 27. axb3 Bxf3 28. Kxf3 Rab8 29. Rb1 c6 30. Rd6 Rb6 31. h4 Kf7 32. h5 Re6 33. Rd7+ Re7 34. Rd8 Re8 35. Rxe8 Kxe8 36. h6 Rb7 37. Ra1 Ke7 38. Ra8 Ke6 39. Re8+ Kd6 40. Rh8 Ke6 41. Rg8 Rd7 42. Kg3 Rd3 43. Kf3 Rd2 44. Re8+ Kf6 45. Rc8 Rh2 46. Rxc6+ Kf7 47. Rc7+ Kg8 48. Rxc5 Rxh6 49. Kg2 Rh4 50. b4 Rg4+ 51. Kf2 Rh4 52. b5 Rh2+ 53. Kg3 Rb2 54. Rc6 Kg7 55. b6 h5 56. Rc7+ Kh6 57. c5 1-0

[Event "NOR-chT Elite 2223"]
[Site "Norway"]
[Date "2023.01.13"]
[Round "4.55"]
[White "Dahl, Max"]
[Black "Hammerstad, Asmund"]
[Result "1-0"]
[WhiteElo "2169"]
[BlackElo "2204"]
[PlyCount "64"]
[EventDate "2022.11.11"]
[EventType "team-tourn"]
[EventRounds "9"]
[EventCountry "NOR"]
[SourceTitle "CBM 213 Extra"]
[Source "ChessBase"]
[SourceDate "2023.05.31"]
[SourceVersion "1"]
[SourceVersionDate "2023.05.31"]
[SourceQuality "1"]
[WhiteTeam "Oslo SK 1911"]
[BlackTeam "Asker"]
[WhiteTeamCountry "NOR"]
[BlackTeamCountry "NOR"]

1. e4 e6 2. d4 d5 3. Nd2 a6 4. Ngf3 Nf6 5. Bd3 c5 6. exd5 exd5 7. Qe2+ Be7 8. dxc5 0-0 9. Nb3 Re8 10. Be3 Bg4 11. h3 Bh5 12. g4 Bg6 13. Bxg6 hxg6 14. 0-0-0 Qc7 15. g5 Ne4 16. Rxd5 Nc6 17. Qc4 Bf8 18. Rhd1 Re7 19. a3 Rae8 20. Qd3 Qc8 21. Rd7 Re6 22. Qd5 a5 23. Nbd4 Nxc5 24. Nxe6 fxe6 25. Qd2 Nxd7 26. Qxd7 Qb8 27. Qd3 Kh7 28. Qe4 Qc7 29. h4 Qf7 30. h5 Ne7 31. Nh4 e5 32. hxg6+ Nxg6 1-0

[Event "NOR-chT Elite 2122"]
[Site "Norway"]
[Date "2021.10.29"]
[Round "1.1"]
[White "Hammerstad, Asmund"]
[Black "Flermoen, Peter"]
[Result "0-1"]
[WhiteElo "2216"]
[BlackElo "2306"]
[PlyCount "74"]
[EventDate "2021.10.28"]
[EventType "team-tourn"]
[EventRounds "9"]
[EventCountry "NOR"]
[SourceTitle "CBM 204 Extra"]
[Source "ChessBase"]
[SourceDate "2021.11.30"]
[SourceVersion "1"]
[SourceVersionDate "2021.11.30"]
[SourceQuality "1"]
[WhiteTeam "Asker"]
[BlackTeam "Alta"]
[WhiteTeamCountry "NOR"]
[BlackTeamCountry "NOR"]

1. d4 Nf6 2. c4 g6 3. Nf3 Bg7 4. Nc3 d5 5. e3 0-0 6. cxd5 Nxd5 7. Bc4 Nb6 8. Bb3 Nc6 9. 0-0 e5 10. Nxe5 Nxe5 11. dxe5 Bxe5 12. e4 c6 13. f4 Qd4+ 14. Kh1 Qxd1 15. Rxd1 Bxc3 16. bxc3 Be6 17. Ba3 Rfe8 18. Rd4 Rad8 19. Rad1 Rxd4 20. Rxd4 Bxb3 21. axb3 Nd5 22. c4 Nxf4 23. g3 Ne6 24. Rd7 Rd8 25. Rxb7 Rd2 26. Be7 Kg7 27. h4 Nd4 28. Kg1 Nf3+ 29. Kf1 Nh2+ 30. Kg1 h6 31. Rxa7 g5 32. hxg5 hxg5 33. e5 Kg6 34. Ra5 Kh5 35. b4 Kg4 36. b5 Kh3 37. bxc6 Rg2+ 0-1

[Event "NOR-chT Elite 1920"]
[Site "Norway"]
[Date "2019.11.02"]
[Round "2.3"]
[White "Manne, Per Erik"]
[Black "Hammerstad, Asmund"]
[Result "0-1"]
[WhiteElo "2201"]
[BlackElo "2209"]
[PlyCount "76"]
[EventDate "2019.11.01"]
[EventType "team-tourn"]
[EventRounds "9"]
[EventCountry "NOR"]
[SourceTitle "CBM 194 Extra"]
[Source "ChessBase"]
[SourceDate "2020.03.31"]
[SourceVersion "1"]
[SourceVersionDate "2020.03.31"]
[SourceQuality "1"]
[WhiteTeam "SK 96"]
[BlackTeam "Asker"]
[WhiteTeamCountry "NOR"]
[BlackTeamCountry "NOR"]

1. d4 d6 2. Nf3 Nf6 3. g3 Nbd7 4. Bg2 e5 5. dxe5 dxe5 6. 0-0 Bc5 7. b3 Qe7 8. e3 0-0 9. Bb2 a5 10. a4 Bd6 11. Nbd2 Nb6 12. Qe2 Bg4 13. e4 Rad8 14. Nc4 Nxc4 15. Qxc4 Rfe8 16. h3 Bd7 17. Rad1 Rb8 18. Qd3 b5 19. axb5 Bxb5 20. c4 Bc6 21. Nd2 a4 22. Ra1 Red8 23. Qc2 axb3 24. Nxb3 Qe6 25. Na5 Ba8 26. Ba3 Bxa3 27. Rxa3 Rd4 28. Re1 Rbd8 29. c5 Qe7 30. Nb3 R4d7 31. Rea1 Qe8 32. Ra7 Bc6 33. Kh2 h5 34. Qc4 g6 35. R1a6 Rd1 36. Rxc7 Bb5 37. Re7 Bxc4 38. Rxe8+ Nxe8 0-1

[Event "NOR-chT 1819"]
[Site "Norway"]
[Date "2019.01.12"]
[Round "5.3"]
[White "Soderstrom, Adrian"]
[Black "Hammerstad, Asmund"]
[Result "0-1"]
[WhiteElo "2023"]
[BlackElo "2207"]
[PlyCount "80"]
[EventDate "2018.11.02"]
[EventType "team-tourn"]
[EventRounds "9"]
[EventCountry "NOR"]
[SourceTitle "CBM 188 Extra"]
[Source "ChessBase"]
[SourceDate "2019.02.26"]
[SourceVersion "1"]
[SourceVersionDate "2019.02.26"]
[SourceQuality "1"]
[WhiteTeam "Hell"]
[BlackTeam "Asker"]
[WhiteTeamCountry "NOR"]
[BlackTeamCountry "NOR"]

1. c4 f5 2. g3 Nf6 3. Bg2 e5 4. Nc3 Be7 5. e3 0-0 6. Nge2 d6 7. d3 c6 8. f4 Be6 9. b3 Nbd7 10. d4 e4 11. Bd2 a5 12. Rc1 Qb8 13. 0-0 g6 14. Qc2 Rc8 15. a3 b5 16. d5 cxd5 17. cxb5 Nc5 18. Nd4 Bd7 19. Rfd1 Ne6 20. Nxe6 Bxe6 21. Qb2 Nd7 22. Bf1 Bf6 23. Be1 Qa7 24. Qd2 d4 25. exd4 Bxb3 26. b6 Nxb6 27. Nb5 Qd7 28. Rxc8+ Rxc8 29. Rb1 a4 30. Qb4 d5 31. Bc3 Nc4 32. Rxb3 axb3 33. Qxb3 g5 34. Be1 Kh8 35. Kh1 gxf4 36. gxf4 e3 37. a4 Qe6 38. Bg2 Nd2 39. Qb2 Qc6 40. Bxd2 exd2 0-1

[Event "NOR-chT Club"]
[Site "Bergen"]
[Date "2018.05.11"]
[Round "2.3"]
[White "Risting, Eivind Olav"]
[Black "Hammerstad, Asmund"]
[Result "1-0"]
[WhiteElo "2297"]
[BlackElo "2211"]
[PlyCount "85"]
[EventDate "2018.05.10"]
[EventType "team-swiss"]
[EventRounds "6"]
[EventCountry "NOR"]
[SourceTitle "EXT 2019"]
[Source "ChessBase"]
[SourceDate "2018.10.10"]
[SourceVersion "1"]
[SourceVersionDate "2018.10.10"]
[SourceQuality "1"]
[WhiteTeam "Oslo SK 1911"]
[BlackTeam "Asker"]
[WhiteTeamCountry "NOR"]
[BlackTeamCountry "NOR"]

1. d4 e6 2. c4 Nf6 3. Nc3 Bb4 4. Qc2 c5 5. dxc5 Bxc5 6. Nf3 Qb6 7. e3 Qc7 8. Be2 b6 9. 0-0 Bb7 10. a3 a6 11. b4 Be7 12. e4 d5 13. cxd5 exd5 14. e5 Ne4 15. Bb2 Nd7 16. Rac1 Nxc3 17. Bxc3 0-0 18. Qf5 Qd8 19. Bd3 g6 20. Qh3 Rc8 21. Bd4 Re8 22. e6 Nf8 23. exf7+ Kxf7 24. Ne5+ Kg8 25. Ng4 Bg5 26. f4 Rxc1 27. fxg5 Rxf1+ 28. Kxf1 h5 29. Qxh5 Kf7 30. Bxg6+ Nxg6 31. Qh7+ Ke6 32. Qxg6+ Kd7 33. Nf6+ Ke7 34. Nxe8 Qxe8 35. Qxb6 Qb5+ 36. Qxb5 axb5 37. Kf2 Ke6 38. g4 Kf7 39. Kg3 Kg6 40. h4 Bc8 41. Kf4 Kf7 42. h5 Kg8 43. g6 1-0

[Event "NOR-chT 1718"]
[Site "Norway"]
[Date "2018.03.03"]
[Round "8.4"]
[White "Hammerstad, Asmund"]
[Black "Andersen, Oystein R"]
[Result "1-0"]
[WhiteElo "2199"]
[BlackElo "2067"]
[PlyCount "121"]
[EventDate "2017.11.03"]
[EventType "team-tourn"]
[EventRounds "9"]
[EventCountry "NOR"]
[SourceTitle "EXT 2019"]
[Source "ChessBase"]
[SourceDate "2018.10.10"]
[SourceVersion "1"]
[SourceVersionDate "2018.10.10"]
[SourceQuality "1"]
[WhiteTeam "Asker"]
[BlackTeam "Black Knights"]
[WhiteTeamCountry "NOR"]
[BlackTeamCountry "NOR"]

1. d4 Nf6 2. c4 g6 3. Nc3 Bg7 4. e4 d6 5. Nf3 0-0 6. Be2 c5 7. d5 Na6 8. 0-0 Nc7 9. Re1 a6 10. a4 Rb8 11. h3 Bd7 12. a5 b5 13. axb6 Rxb6 14. e5 Nfe8 15. Bf1 e6 16. dxe6 Bxe6 17. Qa4 Qa8 18. Qa5 Qc6 19. Na4 Rb4 20. Bd2 Rb8 21. Bf4 d5 22. Nxc5 dxc4 23. Nxe6 Nxe6 24. Be3 N8c7 25. Qc3 Nd5 26. Qxc4 Qxc4 27. Bxc4 Nxe3 28. Rxe3 Rxb2 29. Rxa6 Rc8 30. Rc3 Kf8 31. Raa3 Nf4 32. Bf1 Rxc3 33. Rxc3 Rb1 34. Re3 Bh6 35. Re1 Rb2 36. g3 Ne6 37. Ra1 Nc5 38. Re1 Ke7 39. h4 Rc2 40. Ra1 Kd7 41. Bb5+ Kc7 42. Rd1 Rb2 43. Bd3 Nxd3 44. Rxd3 Bg7 45. Re3 Bh6 46. Rd3 Re2 47. Kf1 Re4 48. Rd4 Rxd4 49. Nxd4 Kd7 50. Ke2 Bf8 51. Kd3 Bb4 52. g4 Be1 53. Ke3 h6 54. h5 Bc3 55. f4 Ke7 56. Ke4 Bd2 57. hxg6 fxg6 58. f5 gxf5+ 59. gxf5 Bc3 60. Ne2 Kf7 61. Nxc3 1-0

[Event "NOR-chT 1718"]
[Site "Norway"]
[Date "2018.01.13"]
[Round "5.5"]
[White "Hammerstad, Asmund"]
[Black "Getz, Nicolai"]
[Result "0-1"]
[WhiteElo "2199"]
[BlackElo "2423"]
[PlyCount "88"]
[EventDate "2017.11.03"]
[EventType "team-tourn"]
[EventRounds "9"]
[EventCountry "NOR"]
[SourceTitle "EXT 2019"]
[Source "ChessBase"]
[SourceDate "2018.10.10"]
[SourceVersion "1"]
[SourceVersionDate "2018.10.10"]
[SourceQuality "1"]
[WhiteTeam "Asker"]
[BlackTeam "OSS"]
[WhiteTeamCountry "NOR"]
[BlackTeamCountry "NOR"]

1. d4 Nf6 2. c4 g6 3. Nc3 Bg7 4. e4 d6 5. Nf3 0-0 6. Be2 e5 7. 0-0 Nc6 8. dxe5 dxe5 9. Bg5 Qxd1 10. Rfxd1 Bg4 11. Nd2 Bxe2 12. Nxe2 h6 13. Bh4 g5 14. Bg3 Nh5 15. Nb3 Nf4 16. Nc3 Nd4 17. Bxf4 gxf4 18. Nd5 c6 19. Ne7+ Kh7 20. Nxd4 exd4 21. Nf5 Rad8 22. Rd3 Rfe8 23. Re1 Re6 24. Kf1 c5 25. Nxg7 Kxg7 26. Ra3 Rb6 27. Re2 a6 28. Rf3 Rb4 29. b3 a5 30. Rd2 a4 31. Rdd3 axb3 32. axb3 Ra8 33. Rxf4 Ra3 34. Rg3+ Kf8 35. Rgf3 Rbxb3 36. Rxf7+ Ke8 37. Rf8+ Ke7 38. R3f7+ Ke6 39. g3 d3 40. f4 Ra1+ 41. Kf2 Ra2+ 42. Ke3 d2+ 43. Ke2 d1Q+ 44. Kxd1 Rb1# 0-1

[Event "NOR-chT 1718"]
[Site "Norway"]
[Date "2018.01.12"]
[Round "4.2"]
[White "Hammerstad, Asmund"]
[Black "Christiansen, Johan Sebastian"]
[Result "0-1"]
[WhiteElo "2199"]
[BlackElo "2468"]
[PlyCount "66"]
[EventDate "2017.11.03"]
[EventType "team-tourn"]
[EventRounds "9"]
[EventCountry "NOR"]
[SourceTitle "EXT 2019"]
[Source "ChessBase"]
[SourceDate "2018.10.10"]
[SourceVersion "1"]
[SourceVersionDate "2018.10.10"]
[SourceQuality "1"]
[WhiteTeam "Asker"]
[BlackTeam "Valerenga"]
[WhiteTeamCountry "NOR"]
[BlackTeamCountry "NOR"]

1. d4 Nf6 2. Nf3 c5 3. d5 b5 4. Bg5 Qb6 5. Bxf6 Qxf6 6. c3 g6 7. e4 Qb6 8. Nbd2 Bg7 9. a4 b4 10. Nc4 Qb7 11. e5 0-0 12. d6 Nc6 13. Be2 Qb8 14. 0-0 exd6 15. exd6 bxc3 16. bxc3 Bxc3 17. Rb1 Bb7 18. Qc1 Bg7 19. Qg5 Qc8 20. Rfc1 Nd8 21. h4 Ne6 22. Qd2 Be4 23. Rb5 Re8 24. Ne3 Bc6 25. Rbb1 Rb8 26. Qa5 Nf4 27. Bc4 Bxf3 28. gxf3 Rxb1 29. Rxb1 Qc6 30. Ng2 Nh3+ 31. Kf1 Qxf3 32. Qxc5 Nf4 33. Nxf4 Qh1# 0-1

[Event "NOR-chT 1617"]
[Site "Norway"]
[Date "2016.10.28"]
[Round "1.1"]
[White "Hammerstad, Asmund"]
[Black "Mihajlov, Sebastian"]
[Result "0-1"]
[WhiteElo "2228"]
[BlackElo "2372"]
[PlyCount "78"]
[EventDate "2016.10.28"]
[EventType "team-tourn"]
[EventRounds "9"]
[EventCountry "NOR"]
[SourceTitle "EXT 2018"]
[Source "ChessBase"]
[SourceDate "2017.10.13"]
[SourceVersion "1"]
[SourceVersionDate "2017.10.13"]
[SourceQuality "1"]
[WhiteTeam "Asker"]
[BlackTeam "OSS"]
[WhiteTeamCountry "NOR"]
[BlackTeamCountry "NOR"]

1. d4 Nf6 2. c4 g6 3. Nc3 Bg7 4. e4 d6 5. Nf3 0-0 6. Be2 e5 7. 0-0 Nc6 8. Be3 Ng4 9. Bg5 f6 10. Bh4 g5 11. Bg3 Nh6 12. dxe5 fxe5 13. h4 Nf7 14. hxg5 Nxg5 15. Ne1 Nd4 16. Bg4 Be6 17. b3 Qd7 18. Bxe6+ Ngxe6 19. Nc2 Qf7 20. Nd5 c6 21. Nde3 h5 22. Nxd4 Nxd4 23. Nc2 Qg6 24. Qd3 d5 25. cxd5 cxd5 26. Rae1 Rae8 27. Kh1 Nxc2 28. Qxc2 Rc8 29. Qd3 d4 30. Qb5 b6 31. Qd7 Rc2 32. Bxe5 Bxe5 33. Qd5+ Kh7 34. Qxe5 Rfxf2 35. Rxf2 Rxf2 36. Qh2 d3 37. Kg1 Rxa2 38. e5 d2 39. Rd1 Qg4 0-1

[Event "NOR-chT 1415"]
[Site "Norway"]
[Date "2015.01.09"]
[Round "4.1"]
[White "Hammerstad, Asmund"]
[Black "Gabrielsen, Trond"]
[Result "1-0"]
[WhiteElo "2227"]
[BlackElo "2277"]
[PlyCount "63"]
[EventDate "2014.10.31"]
[EventType "team-tourn"]
[EventRounds "11"]
[EventCountry "NOR"]
[SourceTitle "EXT 2016"]
[Source "ChessBase"]
[SourceDate "2015.10.08"]
[SourceVersion "1"]
[SourceVersionDate "2015.10.08"]
[SourceQuality "1"]
[WhiteTeam "Asker"]
[BlackTeam "Bergens"]
[WhiteTeamCountry "NOR"]
[BlackTeamCountry "NOR"]

1. d4 f5 2. Nf3 Nf6 3. Bf4 g6 4. h3 d6 5. e3 Bg7 6. Bc4 c6 7. Qe2 a5 8. a4 Na6 9. c3 Nc7 10. Nbd2 Ne6 11. Bh2 d5 12. Bd3 0-0 13. Ne5 Ng5 14. f3 Nf7 15. 0-0 Nxe5 16. Bxe5 Be6 17. e4 Nh5 18. exd5 Bxd5 19. Rfe1 Bh6 20. Qf2 Bf4 21. Bxf4 Nxf4 22. Bf1 Qd6 23. Qe3 Rae8 24. Qe5 g5 25. Nc4 Qh6 26. Ne3 Qg6 27. Kh2 Be6 28. g3 Nh5 29. Bd3 Rf6 30. Ng4 Bf7 31. Nxf6+ exf6 32. Qxf5 1-0

[Event "NOR-chT 1415"]
[Site "Norway"]
[Date "2014.10.31"]
[Round "1.6"]
[White "Hammerstad, Asmund"]
[Black "Moen, Andreas"]
[Result "1/2-1/2"]
[WhiteElo "2227"]
[BlackElo "2356"]
[PlyCount "38"]
[EventDate "2014.10.31"]
[EventType "team-tourn"]
[EventRounds "11"]
[EventCountry "NOR"]
[SourceTitle "EXT 2015"]
[Source "ChessBase"]
[SourceDate "2014.11.20"]
[SourceVersion "1"]
[SourceVersionDate "2014.11.20"]
[SourceQuality "1"]
[WhiteTeam "Asker"]
[BlackTeam "Oslo SS"]
[WhiteTeamCountry "NOR"]
[BlackTeamCountry "NOR"]

1. d4 d5 2. c4 dxc4 3. Nf3 Nf6 4. e3 e6 5. Bxc4 a6 6. 0-0 c5 7. dxc5 Qxd1 8. Rxd1 Bxc5 9. Be2 Nbd7 10. Nbd2 b6 11. Nc4 Bb7 12. Nd4 0-0 13. Nb3 Be7 14. f3 a5 15. a4 Rfd8 16. e4 Nc5 17. Nxc5 Bxc5+ 18. Be3 Bxe3+ 19. Nxe3 Bc6 1/2-1/2

[Event "EU-Cup 30th"]
[Site "Bilbao"]
[Date "2014.09.14"]
[Round "1.4"]
[White "Greenfeld, Alon"]
[Black "Hammerstad, Asmund"]
[Result "1-0"]
[WhiteElo "2551"]
[BlackElo "2263"]
[PlyCount "85"]
[EventDate "2014.09.14"]
[EventType "team-swiss"]
[EventRounds "7"]
[EventCountry "ESP"]
[SourceTitle "CBM 163"]
[Source "ChessBase"]
[SourceDate "2014.11.11"]
[SourceVersion "1"]
[SourceVersionDate "2014.11.11"]
[SourceQuality "1"]
[WhiteTeam "Beer Sheva"]
[BlackTeam "Asker"]
[WhiteTeamCountry "ISR"]
[BlackTeamCountry "NOR"]

1. Nf3 e6 2. g3 f5 3. Bg2 Nf6 4. 0-0 Be7 5. c4 0-0 6. Nc3 d6 7. b4 Ne4 8. Bb2 Bf6 9. Qc2 Nxc3 10. Bxc3 Bxc3 11. Qxc3 e5 12. c5 Qf6 13. d3 Nc6 14. b5 Nd8 15. Nd2 Be6 16. f4 exf4 17. Qxf6 Rxf6 18. cxd6 cxd6 19. Rxf4 Bd7 20. Bd5+ Be6 21. Bf3 Bd7 22. a4 Rc8 23. Rc4 Rxc4 24. Nxc4 Kf8 25. Ne3 a6 26. Nd5 Rf7 27. Nb6 axb5 28. Bd5 Re7 29. Nxd7+ Rxd7 30. axb5 Ke7 31. b6 Ne6 32. Kf2 Kf6 33. Ra7 Nd8 34. d4 Re7 35. Ra8 Rd7 36. e3 Kg5 37. Rc8 Kf6 38. h4 g6 39. Rc7 Ke7 40. Kf3 h6 41. Kf4 Nc6 42. Bxc6 bxc6 43. b7 1-0

[Event "EU-Cup 29th"]
[Site "Rhodes"]
[Date "2013.10.24"]
[Round "5.4"]
[White "Hautot, Stephane"]
[Black "Hammerstad, Asmund"]
[Result "1-0"]
[WhiteElo "2378"]
[BlackElo "2275"]
[PlyCount "89"]
[EventDate "2013.10.20"]
[EventType "team-swiss"]
[EventRounds "7"]
[EventCountry "GRE"]
[SourceTitle "CBM 157"]
[Source "ChessBase"]
[SourceDate "2013.11.12"]
[SourceVersion "1"]
[SourceVersionDate "2013.11.12"]
[SourceQuality "1"]
[WhiteTeam "Wirtzfeld"]
[BlackTeam "Asker"]
[WhiteTeamCountry "BEL"]
[BlackTeamCountry "NOR"]

1. d4 e6 2. Nf3 f5 3. g3 Nf6 4. Bg2 Be7 5. 0-0 0-0 6. c4 d6 7. Nc3 a5 8. Re1 Ne4 9. Qc2 d5 10. Ne5 c6 11. c5 Nd7 12. Nxd7 Bxd7 13. Na4 Bf6 14. f3 Ng5 15. Nb6 Ra6 16. Qd3 Be8 17. Bd2 Bg6 18. h4 Nf7 19. f4 Nh6 20. Bf3 Qe8 21. b3 Kh8 22. Bc3 Bd8 23. Qd2 Bxb6 24. cxb6 a4 25. Bb4 Rg8 26. Bc5 axb3 27. axb3 Rxa1 28. Rxa1 Ng4 29. Ra7 Qc8 30. Bxg4 fxg4 31. Qe3 Be4 32. Bd6 Rd8 33. Be5 Kg8 34. Qc1 Bg6 35. Qa3 Re8 36. Qd6 Rd8 37. Qc7 Qxc7 38. Bxc7 Rc8 39. Rxb7 c5 40. Be5 c4 41. Rxg7+ Kf8 42. b7 Rd8 43. Rc7 cxb3 44. Rc8 b2 45. Rxd8+ 1-0

[Event "NOR-chT Clubs"]
[Site "Fagernes"]
[Date "2012.06.09"]
[Round "3"]
[White "Bae, Torstein"]
[Black "Hammerstad, Asmund"]
[Result "1/2-1/2"]
[WhiteElo "2422"]
[BlackElo "2253"]
[PlyCount "27"]
[EventDate "2012.06.08"]
[EventType "team-swiss"]
[EventRounds "6"]
[EventCountry "NOR"]
[SourceTitle "CBM 148 Extra"]
[Source "ChessBase"]
[SourceDate "2012.06.22"]
[SourceVersion "1"]
[SourceVersionDate "2012.06.22"]
[SourceQuality "1"]
[WhiteTeam "Oslo SK 1911"]
[BlackTeam "Asker"]
[WhiteTeamCountry "NOR"]
[BlackTeamCountry "NOR"]

1. e4 e6 2. d4 d5 3. Nc3 Bb4 4. Bd3 dxe4 5. Bxe4 Nf6 6. Bf3 c5 7. a3 Bxc3+ 8. bxc3 Nc6 9. Be3 Qa5 10. Bd2 0-0 11. Ne2 e5 12. Ng3 exd4 13. cxd4 Re8+ 14. Be2 1/2-1/2

[Event "NOR-chT 1112"]
[Site "Norway"]
[Date "2012.03.25"]
[Round "9"]
[White "David, Edwin"]
[Black "Hammerstad, Asmund"]
[Result "0-1"]
[WhiteElo "2269"]
[BlackElo "2213"]
[PlyCount "62"]
[EventDate "2011.11.04"]
[EventType "team-tourn"]
[EventRounds "9"]
[EventCountry "NOR"]
[SourceTitle "EXT 2013"]
[Source "ChessBase"]
[SourceDate "2012.11.22"]
[SourceVersion "1"]
[SourceVersionDate "2012.11.22"]
[SourceQuality "1"]
[WhiteTeam "Kristiansund"]
[BlackTeam "Asker"]
[WhiteTeamCountry "NOR"]
[BlackTeamCountry "NOR"]

1. e4 e6 2. d4 d5 3. Nc3 Nc6 4. e5 f6 5. Nf3 fxe5 6. dxe5 Bb4 7. a3 Bxc3+ 8. bxc3 Nge7 9. Bd3 h6 10. Qe2 0-0 11. h4 Qe8 12. h5 Na5 13. Nh4 Qc6 14. Rb1 Nc4 15. Ng6 Nxg6 16. hxg6 Rf5 17. Bxf5 exf5 18. e6 b6 19. e7 Ba6 20. Bxh6 Qxg6 21. Rh3 Kf7 22. Bxg7 Qxg7 23. Qf3 Qe5+ 24. Kd1 Kxe7 25. Rh1 Kd6 26. Re1 Qf6 27. Qf4+ Kc6 28. g4 Qxc3 29. gxf5 Kb7 30. f6 Rf8 31. f7 Rxf7 0-1

[Event "EU-Cup 27th"]
[Site "Rogaska Slatina"]
[Date "2011.09.30"]
[Round "6"]
[White "Hammerstad, Asmund"]
[Black "Lutz, Bernhard"]
[Result "1/2-1/2"]
[WhiteElo "2205"]
[BlackElo "2307"]
[PlyCount "23"]
[EventDate "2011.09.25"]
[EventType "team-swiss"]
[EventRounds "7"]
[EventCountry "SLO"]
[SourceTitle "CBM 145"]
[Source "ChessBase"]
[SourceDate "2011.11.11"]
[SourceVersion "1"]
[SourceVersionDate "2011.11.11"]
[SourceQuality "1"]
[WhiteTeam "Asker"]
[BlackTeam "Reichenstein"]
[WhiteTeamCountry "NOR"]
[BlackTeamCountry "SUI"]

1. d4 Nf6 2. c4 e6 3. Nf3 b6 4. g3 Bb7 5. Bg2 Be7 6. 0-0 0-0 7. Re1 d5 8. cxd5 exd5 9. Nc3 Nbd7 10. Bf4 Nh5 11. Bc1 Nhf6 12. Bf4 1/2-1/2

[Event "EU-Cup 27th"]
[Site "Rogaska Slatina"]
[Date "2011.09.29"]
[Round "5"]
[White "Csonka, Attila Istvan"]
[Black "Hammerstad, Asmund"]
[Result "1/2-1/2"]
[WhiteElo "2380"]
[BlackElo "2205"]
[PlyCount "118"]
[EventDate "2011.09.25"]
[EventType "team-swiss"]
[EventRounds "7"]
[EventCountry "SLO"]
[SourceTitle "CBM 145"]
[Source "ChessBase"]
[SourceDate "2011.11.11"]
[SourceVersion "1"]
[SourceVersionDate "2011.11.11"]
[SourceQuality "1"]
[WhiteTeam "Haladas"]
[BlackTeam "Asker"]
[WhiteTeamCountry "HUN"]
[BlackTeamCountry "NOR"]

1. e4 e6 2. d4 d5 3. Nd2 Be7 4. Ngf3 Nf6 5. Bd3 c5 6. dxc5 dxe4 7. Bxe4 Bxc5 8. Qe2 Nxe4 9. Nxe4 Be7 10. 0-0 0-0 11. c4 Qc7 12. b3 Nc6 13. Bb2 Bd7 14. Rad1 Rad8 15. Ng3 Bc8 16. Ne5 f6 17. Ng4 e5 18. Ne3 Bc5 19. Nd5 Qf7 20. Ne4 Be7 21. f4 Qe6 22. f5 Qf7 23. Bc3 Rfe8 24. Qg4 Kh8 25. Qh4 Bf8 26. Rd3 Ne7 27. Rh3 h6 28. Ne3 Rd3 29. g4 Red8 30. Qf2 b6 31. Qb2 Bb7 32. Nf2 R3d7 33. g5 fxg5 34. Nfg4 Nc6 35. b4 Rd4 36. Nxe5 Nxe5 37. Bxd4 Nd3 38. Qc3 Nf4 39. Rxf4 gxf4 40. Nd5 Rxd5 41. cxd5 Qxd5 42. Kf2 Kh7 43. f6 Qxa2+ 44. Qb2 Qe6 45. Qc2+ Be4 46. fxg7 Bxg7 47. Qc7 Qa2+ 48. Ke1 Qb1+ 49. Kd2 Qxb4+ 50. Bc3 Qf8 51. Rh4 Bg6 52. Rxf4 Qg8 53. Kc1 a5 54. Rd4 Qb3 55. Kd2 Qc2+ 56. Ke3 Bf5 57. Rc4 Qd3+ 58. Kf2 Qc2+ 59. Kg3 Qd3+ 1/2-1/2

[Event "EU-Cup 26th"]
[Site "Plovdiv"]
[Date "2010.10.19"]
[Round "3.6"]
[White "Argandona Riveiro, Inigo"]
[Black "Hammerstad, Asmund"]
[Result "1-0"]
[WhiteElo "2408"]
[BlackElo "2208"]
[PlyCount "71"]
[EventDate "2010.10.17"]
[EventType "team-swiss"]
[EventRounds "7"]
[EventCountry "BUL"]
[SourceTitle "CBM 139"]
[Source "ChessBase"]
[SourceDate "2010.11.18"]
[SourceVersion "1"]
[SourceVersionDate "2010.11.18"]
[SourceQuality "1"]
[WhiteTeam "Taldea Gros Xake"]
[BlackTeam "Asker"]
[WhiteTeamCountry "ESP"]
[BlackTeamCountry "DEN"]

1. Nf3 e6 2. c4 f5 3. g3 Nf6 4. Bg2 Be7 5. 0-0 0-0 6. b3 d6 7. d4 Ne4 8. Nbd2 Bf6 9. Bb2 Nc6 10. Ne1 Nxd2 11. Qxd2 e5 12. Bxc6 bxc6 13. dxe5 dxe5 14. Qxd8 Rxd8 15. Nd3 Re8 16. f4 e4 17. Bxf6 exd3 18. Be5 dxe2 19. Rfe1 Re7 20. Kf2 Rb8 21. Rxe2 a5 22. Rd1 Ba6 23. Red2 a4 24. Rd8+ Rxd8 25. Rxd8+ Kf7 26. Ra8 axb3 27. axb3 Bb7 28. Ra7 Bc8 29. Ke3 Rd7 30. Rxc7 Rxc7 31. Bxc7 Be6 32. Kd4 Ke7 33. Ke5 Kd7 34. Bb6 h6 35. h4 h5 36. Bc5 1-0